[Event "Titled Tue 3rd Jun Early"]
[Site "chess.com INT"]
[Date "2025.06.03"]
[Round "5"]
[White "Redor, Menandro"]
[Black "Stefanov, Plamen"]
[Result "0-1"]
[WhiteElo "2021"]
[BlackElo "1982"]
[WhiteFideId "5222010"]
[BlackFideId "2900980"]
[EventDate "2025.06.03"]

1. d4 d5 2. Bf4 c6 3. c3 Nf6 4. Nd2 Bf5 5. Ngf3 Qb6 6. Qb3 Nbd7 7. e3 h6 8. c4
g5 9. Be5 dxc4 10. Bxc4 Qxb3 11. Bxb3 Bg7 12. e4 Bg6 13. Bxf6 Nxf6 14. e5 Nd5
15. O-O O-O 16. h3 Rfd8 17. Rfe1 e6 18. Nc4 Nf4 19. Nd6 Rd7 20. Rad1 Rad8 21.
Kh2 Bf8 22. Ne4 Nd5 23. Bxd5 Rxd5 24. Nf6+ Kg7 25. Nxd5 exd5 26. a3 Bf5 27. g4
Be6 28. Kg3 Kg6 29. h4 Be7 30. hxg5 hxg5 31. Rh1 c5 32. dxc5 Bxc5 33. Nd4 Bxd4
34. Rxd4 Rc8 35. Rhd1 Rc2 36. R1d2 Rc1 37. f3 Rc5 38. Kf2 a5 39. Ke3 b5 40. f4
gxf4+ 41. Kxf4 Rc1 42. Rxd5 Rf1+ 43. Ke3 Bxd5 44. Rxd5 Re1+ 45. Kf2 Re4 46. Kf3
Rc4 47. Rxb5 a4 48. Rb4 Rc5 0-1

[Event "Titled Tue 3rd Jun Early"]
[Site "chess.com INT"]
[Date "2025.06.03"]
[Round "5"]
[White "Xiong, Jeffery"]
[Black "Tristan, Leonardo"]
[Result "1/2-1/2"]
[WhiteTitle "GM"]
[BlackTitle "GM"]
[WhiteElo "2636"]
[BlackElo "2536"]
[WhiteFideId "2047640"]
[BlackFideId "113816"]
[EventDate "2025.06.03"]

1. e4 d5 2. exd5 Qxd5 3. Nc3 Qa5 4. d4 Nf6 5. Bd2 Bg4 6. Nf3 Nc6 7. Bb5 O-O-O 8.
Bxc6 bxc6 9. Qe2 Kb7 10. O-O-O Qa6 11. Qe3 Nd5 12. Nxd5 cxd5 13. Ne5 Bh5 14. g4
Bg6 15. Bb4 e6 16. Bxf8 Rhxf8 17. Qb3+ Qb6 18. Qa4 f6 19. Nxg6 hxg6 20. Rd3 Ka8
21. Re1 Rb8 22. Rb3 Qd6 23. Rbe3 Rb4 24. Qa3 Rfb8 25. b3 Rxd4 26. Qxd6 cxd6 27.
Rxe6 Rxg4 28. Rxd6 Rf4 29. Re7 Rh8 30. Ra6 Rxf2 31. Raxa7+ Kb8 32. Reb7+ Kc8 33.
Rxg7 Kb8 34. Rgb7+ Kc8 35. Rg7 Kb8 36. Rab7+ Ka8 37. Rbc7 Kb8 38. Rc5 g5 39.
Rb5+ Ka8 40. Rxd5 Rc8 41. Ra5+ Kb8 42. c4 Re8 43. Rb5+ Ka8 44. Ra5+ Kb8 45. Kd1
Rxh2 46. Rb5+ Ka8 47. Ra5+ Kb8 48. Rb5+ Ka8 49. Ra5+ Kb8 1/2-1/2

[Event "Titled Tue 3rd Jun Early"]
[Site "chess.com INT"]
[Date "2025.06.03"]
[Round "5"]
[White "Sklokin, Sergey"]
[Black "Heimann, Alexander"]
[Result "1-0"]
[WhiteTitle "FM"]
[WhiteElo "2311"]
[BlackElo "2238"]
[WhiteFideId "55730230"]
[BlackFideId "2006073"]
[EventDate "2025.06.03"]

1. d4 Nf6 2. c4 e6 3. Nf3 b6 4. g3 Bb7 5. Bg2 Be7 6. O-O O-O 7. Nc3 Ne4 8. Qc2
Nxc3 9. bxc3 f5 10. Nd2 Bxg2 11. Kxg2 Qe8 12. e4 Qh5 13. Qd3 Nc6 14. f4 Rf6 15.
Qf3 Qxf3+ 16. Rxf3 fxe4 17. Nxe4 Rf5 18. Be3 Na5 19. Nd2 Ba3 20. Rb1 Raf8 21. h4
c6 22. Bf2 b5 23. c5 d6 24. c4 b4 25. cxd6 b3 26. c5 bxa2 27. Ra1 Bb4 28. Rxa2
Rd5 29. Nb3 Nxb3 30. Rxb3 a5 31. Be3 h6 32. Kf3 g5 33. hxg5 hxg5 34. Ke4 Kg7 35.
fxg5 e5 36. dxe5 Re8 37. Bf4 Bxc5 38. Rxa5 Kg6 39. d7 Rd8 40. e6 Rd4+ 41. Kf3
Be7 42. Bc7 Rf8+ 43. Bf4 Rd6 44. Re3 Rd2 45. Kg4 Rd4 46. Ree5 c5 47. Raxc5 Bxc5
48. Rxc5 Re4 49. Rc8 1-0

[Event "Titled Tue 3rd Jun Early"]
[Site "chess.com INT"]
[Date "2025.06.03"]
[Round "5"]
[White "Emujin Enkh-Amgalan"]
[Black "Andrews, Todd"]
[Result "0-1"]
[WhiteTitle "WCM"]
[BlackTitle "FM"]
[WhiteElo "1917"]
[BlackElo "2097"]
[WhiteFideId "4908023"]
[BlackFideId "2012456"]
[EventDate "2025.06.03"]

1. d4 Nf6 2. c4 c5 3. d5 e6 4. Nc3 exd5 5. cxd5 d6 6. e4 g6 7. Be2 Bg7 8. Nf3
O-O 9. O-O a6 10. a4 Nbd7 11. h3 Re8 12. Qc2 Rb8 13. Bf4 Qe7 14. Nd2 Ne5 15. a5
Nh5 16. Bxh5 gxh5 17. Bh2 b5 18. axb6 Rxb6 19. f4 Ng6 20. Rae1 Nh4 21. f5 Be5
22. Bxe5 Qxe5 23. Kh1 Rb4 24. Nf3 Nxf3 25. gxf3 Kh8 26. f4 Qf6 27. Rg1 Bd7 28.
Qg2 Rbb8 29. e5 dxe5 30. fxe5 Rxe5 31. Ne4 Qh6 32. Ng5 Rxf5 33. Ref1 Qf6 34.
Rxf5 Bxf5 35. Nf3 Bg6 36. Qg3 Rxb2 37. d6 Rb7 38. Rd1 Rd7 39. Kg1 Qe6 40. Re1
Qxd6 41. Re8+ Kg7 42. Qxd6 Rxd6 0-1

[Event "Titled Tue 3rd Jun Early"]
[Site "chess.com INT"]
[Date "2025.06.03"]
[Round "5"]
[White "Elier, Ali"]
[Black "Modric, Nesa"]
[Result "0-1"]
[WhiteTitle "CM"]
[BlackTitle "CM"]
[WhiteElo "2142"]
[BlackElo "2088"]
[WhiteFideId "16217543"]
[BlackFideId "922579"]
[EventDate "2025.06.03"]

1. e4 c6 2. Nf3 d5 3. Nc3 Bg4 4. d4 dxe4 5. Nxe4 e6 6. Be2 Nd7 7. O-O Ngf6 8.
Ng3 Be7 9. h3 Bxf3 10. Bxf3 O-O 11. c4 Bd6 12. Ne4 Nxe4 13. Bxe4 Nf6 14. Bc2 h6
15. Be3 Qc7 16. Qe2 Bf4 17. Rfd1 Rad8 18. Rac1 Rfe8 19. Rd3 Bxe3 20. Rxe3 Rxd4
21. Rg3 Red8 22. Qe3 Kf8 23. Re1 Qf4 24. Qa3+ Kg8 25. Qxa7 Qd2 26. Rd1 Qf4 27.
Rxd4 Qxd4 28. Qxd4 Rxd4 29. Rd3 e5 30. Rxd4 exd4 31. b4 b6 32. a4 Nd7 33. Kf1
Kf8 34. Ke2 Ke7 35. Kd3 c5 36. b5 Kd6 37. Ke4 Ne5 38. f4 f5+ 39. Kxf5 Nxc4 40.
Kg6 Ne3 41. Bd3 Nxg2 42. a5 Nxf4+ 43. Kxg7 Nxd3 44. a6 Kc7 45. Kxh6 Ne5 46. Kg5
d3 47. h4 d2 48. a7 Kb7 49. h5 d1=Q 50. a8=Q+ Kxa8 51. h6 Nf7+ 52. Kg6 Nxh6 53.
Kxh6 Qg4 54. Kh7 Kb7 0-1

[Event "Titled Tue 3rd Jun Early"]
[Site "chess.com INT"]
[Date "2025.06.03"]
[Round "5"]
[White "Gurevich, Dmitry"]
[Black "Sickmann, Lisa"]
[Result "0-1"]
[WhiteTitle "GM"]
[BlackTitle "WFM"]
[WhiteElo "2347"]
[BlackElo "1970"]
[WhiteFideId "2000407"]
[BlackFideId "16267818"]
[EventDate "2025.06.03"]

1. d4 Nf6 2. c4 g6 3. Nc3 Bg7 4. e4 d6 5. Nf3 O-O 6. Be2 Nc6 7. d5 Ne5 8. Nxe5
dxe5 9. Be3 Ne8 10. O-O e6 11. Rc1 f5 12. f3 exd5 13. cxd5 Nd6 14. Qc2 Bd7 15.
Na4 c6 16. dxc6 Bxc6 17. Rfd1 Qe7 18. Bc5 Rfd8 19. b4 Qe8 20. Nc3 Nb5 21. Bxb5
Bxb5 22. Nxb5 Qxb5 23. Rxd8+ Rxd8 24. Bxa7 Qxb4 25. Bc5 Qb5 26. a4 Qd3 27. Qxd3
Rxd3 28. Rb1 Rd7 29. a5 Bf8 30. Bxf8 Kxf8 31. Rb5 Re7 32. Kf2 Kf7 33. exf5 gxf5
34. Ke3 Ke6 35. Rb6+ Kd5 36. g4 f4+ 37. Kd3 Kc5 38. Rh6 Kb5 39. Ke4 Kxa5 40. Rh5
b5 41. Rh6 b4 42. Kd3 Ka4 43. Ra6+ Kb3 44. Ke4 Kc2 45. Rc6+ Kb2 46. h4 b3 47.
Rb6 Kc2 48. Rc6+ Kb1 49. Rb6 b2 50. g5 Kc1 51. h5 b1=Q+ 52. Rxb1+ Kxb1 53. g6
hxg6 54. hxg6 Kc2 55. Kf5 Rg7 56. Kf6 Rxg6+ 57. Kxg6 Kd3 58. Kf5 Ke3 0-1

[Event "Titled Tue 3rd Jun Early"]
[Site "chess.com INT"]
[Date "2025.06.03"]
[Round "5"]
[White "Hayrapetyan, Artavazd R."]
[Black "Kim, Sergey"]
[Result "1-0"]
[WhiteTitle "FM"]
[BlackTitle "FM"]
[WhiteElo "2350"]
[BlackElo "2295"]
[WhiteFideId "13304240"]
[BlackFideId "13700570"]
[EventDate "2025.06.03"]

1. e4 e5 2. Nf3 Nc6 3. Bb5 a6 4. Ba4 Nf6 5. O-O b5 6. Bb3 Bc5 7. c3 d6 8. d4 Bb6
9. Bg5 h6 10. Bxf6 Qxf6 11. a4 Rb8 12. Bd5 Ne7 13. axb5 axb5 14. Qd3 c6 15. Bb3
O-O 16. Nbd2 Ng6 17. Rfe1 Nf4 18. Qe3 Bg4 19. Ra6 Qd8 20. g3 Ne6 21. Kg2 Qc8 22.
Rea1 Kh8 23. Kg1 Qd8 24. Kg2 Qc8 25. h4 f5 26. Bxe6 Qxe6 27. Rxb6 Rxb6 28. d5
cxd5 29. exd5 Qxd5 30. Qxb6 e4 31. Nd4 e3+ 32. N2f3 f4 33. Qc6 Qh5 34. fxe3 fxg3
35. Kxg3 Bc8 36. Qe4 d5 37. Qe7 Qg4+ 38. Kf2 Kg8 39. Rg1 1-0

[Event "Titled Tue 3rd Jun Early"]
[Site "chess.com INT"]
[Date "2025.06.03"]
[Round "5"]
[White "Klepek, Witold"]
[Black "Unver, Cumayi"]
[Result "1-0"]
[WhiteTitle "CM"]
[WhiteElo "2253"]
[BlackElo "2012"]
[WhiteFideId "1175068"]
[BlackFideId "6304940"]
[EventDate "2025.06.03"]

1. c4 Nf6 2. Nf3 e6 3. g3 d5 4. Bg2 c5 5. O-O Nc6 6. cxd5 exd5 7. d4 cxd4 8.
Nxd4 Bc5 9. Nb3 Bb6 10. Bg5 Be6 11. Nc3 O-O 12. Na4 h6 13. Nxb6 axb6 14. Bf4 Ne4
15. Nd4 Qf6 16. Be3 Rfc8 17. a3 Ne5 18. Nxe6 fxe6 19. Bd4 Qf5 20. f3 Nf6 21. e4
dxe4 22. fxe4 Qg5 23. Bxb6 Rc6 24. Bf2 Nfg4 25. Qb3 Rac8 26. h3 Nxf2 27. Rxf2
Nc4 28. Re1 Rb6 29. Qc3 Nd6 30. Qe3 Qxe3 31. Rxe3 Rc1+ 32. Kh2 Nc4 33. Ref3 Rxb2
34. Rf8+ Kh7 35. Rxb2 Nxb2 36. e5 g6 37. Rf7+ Kg8 38. Rxb7 Nd3 39. Be4 Rc2+ 40.
Kg1 Rc1+ 41. Kg2 Rc2+ 42. Kf1 Ne1 43. Kxe1 Rc3 44. Bxg6 Rxa3 45. Bf7+ Kf8 46.
Bxe6 Re3+ 47. Kf2 Rxe5 48. Bg4 h5 49. Bf3 Ra5 50. Rd7 Kg8 51. Rd5 Ra2+ 52. Ke3
h4 53. g4 1-0

[Event "Titled Tue 3rd Jun Early"]
[Site "chess.com INT"]
[Date "2025.06.03"]
[Round "5"]
[White "Leiva, Gianmarco"]
[Black "Lazaro Azcutia, Miguel"]
[Result "1/2-1/2"]
[WhiteTitle "IM"]
[BlackTitle "CM"]
[WhiteElo "2387"]
[BlackElo "2275"]
[WhiteFideId "3804399"]
[BlackFideId "54538254"]
[EventDate "2025.06.03"]

1. e4 e5 2. Nf3 Nc6 3. Bb5 a6 4. Ba4 Nf6 5. O-O b5 6. Bb3 Bc5 7. d3 d6 8. c3 h6
9. Re1 O-O 10. Nbd2 Bb6 11. Nf1 Ne7 12. Be3 c5 13. Ng3 Ng6 14. h3 Qc7 15. Nh2
Be6 16. Bxe6 fxe6 17. a4 d5 18. Nh5 d4 19. Nxf6+ Rxf6 20. Ng4 Rff8 21. Bd2 c4
22. cxd4 Bxd4 23. Bc3 Rad8 24. Bxd4 Rxd4 25. axb5 axb5 26. Ra6 Rxd3 27. Qc1 h5
28. Rxe6 Nf4 29. Nxe5 Nxe6 30. Nxd3 Qf7 31. Ne5 Qxf2+ 32. Kh1 Nf4 33. Rg1 Kh7
34. Qd1 Ne2 35. Re1 Ng3+ 36. Kh2 Nf1+ 37. Rxf1 Qxf1 38. Qxh5+ Kg8 39. Ng6 Rf2
40. Qd5+ Kh7 41. Qh5+ Kg8 42. Qd5+ Rf7 43. Qd8+ Kh7 44. Nh4 Qf4+ 45. Kh1 Qf1+
46. Kh2 Qf4+ 47. Kh1 Qf1+ 48. Kh2 1/2-1/2

[Event "Titled Tue 3rd Jun Early"]
[Site "chess.com INT"]
[Date "2025.06.03"]
[Round "5"]
[White "Nikulina, Alena"]
[Black "Donoso Aguirre, Maximiliano"]
[Result "1-0"]
[WhiteTitle "WFM"]
[BlackTitle "CM"]
[WhiteElo "1875"]
[BlackElo "2002"]
[WhiteFideId "4172051"]
[BlackFideId "3458920"]
[EventDate "2025.06.03"]

1. e4 e5 2. Nf3 Nc6 3. Bb5 a6 4. Ba4 Nf6 5. O-O Be7 6. Re1 b5 7. Bb3 d6 8. c3
O-O 9. d4 Bg4 10. h3 Bxf3 11. Qxf3 exd4 12. Bg5 h6 13. Bxf6 Bxf6 14. Bd5 dxc3
15. Nxc3 Ne5 16. Qg3 Bh4 17. Qe3 c6 18. Bb3 Re8 19. g3 Bf6 20. f4 Ng6 21. Rad1
Qc7 22. Kh2 d5 23. e5 Bd8 24. Qd3 Rc8 25. Rc1 Qb6 26. Qf3 Bc7 27. a3 d4 28. Ne4
Bb8 29. Nd6 Bxd6 30. exd6 Rxe1 31. Rxe1 Rd8 32. f5 Nf8 33. Qf4 Qc5 34. Re7 Qxd6
35. Qxd6 Rxd6 36. Rxf7 Kh7 37. Rxf8 d3 38. Rf7 d2 39. f6 d1=Q 40. Bxd1 Rxd1 41.
Rxg7+ Kh8 42. g4 Rd2+ 43. Kg3 Rxb2 44. Kh4 Rb3 45. Kh5 Rf3 46. Kg6 Rxh3 47. Rc7 1-0

[Event "Titled Tue 3rd Jun Early"]
[Site "chess.com INT"]
[Date "2025.06.03"]
[Round "5"]
[White "Krishna, C R G"]
[Black "Mahdavi, Reza"]
[Result "0-1"]
[WhiteTitle "IM"]
[BlackTitle "IM"]
[WhiteElo "2453"]
[BlackElo "2445"]
[WhiteFideId "5018625"]
[BlackFideId "12595926"]
[EventDate "2025.06.03"]

1. Nf3 Nf6 2. c4 g6 3. b4 Bg7 4. Bb2 O-O 5. g3 b6 6. Bg2 Bb7 7. O-O e6 8. Nc3
Qe7 9. a3 d5 10. Ne5 c5 11. bxc5 bxc5 12. Rb1 d4 13. Bxb7 Qxb7 14. Nb5 Rd8 15.
a4 a6 16. Na3 Qc7 17. f4 Nc6 18. Nd3 Ne4 19. Nc2 a5 20. Ba3 Nb4 21. Na1 Nd6 22.
Nb3 Nxc4 23. Bxb4 cxb4 24. Rc1 Rac8 25. Ndc5 Nb2 26. Qe1 d3 27. e3 Qb6 28. Qf2
Rc6 29. Qf3 Rc7 30. Qe4 Bf8 31. Qe5 Bg7 32. Qe4 Rd5 33. Nxe6 fxe6 34. Rxc7 Qxc7
35. Qxe6+ Qf7 36. Qc8+ Bf8 37. Rc1 Nxa4 38. Rc7 Qf5 39. Qe8 Nb6 40. e4 Rd8 41.
Qxd8 Qxe4 42. Rc1 Nd5 0-1

[Event "Titled Tue 3rd Jun Early"]
[Site "chess.com INT"]
[Date "2025.06.03"]
[Round "5"]
[White "Winkels, Marcel"]
[Black "Safin Safarullakhan"]
[Result "1-0"]
[WhiteTitle "CM"]
[BlackTitle "CM"]
[WhiteElo "1918"]
[BlackElo "2109"]
[WhiteFideId "1003887"]
[BlackFideId "33379475"]
[EventDate "2025.06.03"]

1. e4 c5 2. Nf3 d6 3. d4 cxd4 4. Nxd4 Nf6 5. Nc3 g6 6. Be3 Bg7 7. f3 O-O 8. Qd2
Nc6 9. Bc4 Nxd4 10. Bxd4 Be6 11. Bb3 Qa5 12. O-O-O b5 13. Kb1 b4 14. Nd5 Bxd5
15. exd5 Qb5 16. Rhe1 a5 17. Qe2 Qxe2 18. Rxe2 a4 19. Bc4 Rfc8 20. b3 axb3 21.
axb3 Nd7 22. Bxg7 Kxg7 23. Rxe7 Ne5 24. Bd3 Ra5 25. Be4 Kf8 26. Rb7 Rca8 27. Kc1
f5 28. f4 Ng4 29. Bd3 Ne3 30. Re1 Nxd5 31. Bc4 Ra1+ 32. Kd2 Rxe1 33. Kxe1 Nc3
34. Rxb4 Ra1+ 35. Kd2 Ne4+ 36. Ke3 Re1+ 37. Kd4 Rd1+ 38. Ke3 d5 39. Be2 Nc5 40.
Rb8+ Ke7 41. Rc8 Ne4 42. Bxd1 Kd6 43. Bf3 Kd7 44. Bxe4 Kxc8 45. Bxd5 Kd7 46. Bg8 1-0

[Event "Titled Tue 3rd Jun Early"]
[Site "chess.com INT"]
[Date "2025.06.03"]
[Round "5"]
[White "Gonzalez Vega, Alejandro"]
[Black "Aguilar, Juan"]
[Result "0-1"]
[WhiteTitle "FM"]
[BlackTitle "FM"]
[WhiteElo "2092"]
[BlackElo "2254"]
[WhiteFideId "3510042"]
[BlackFideId "3800091"]
[EventDate "2025.06.03"]

1. d4 Nf6 2. c4 e6 3. Nc3 d5 4. cxd5 exd5 5. Bg5 c6 6. e3 Bd6 7. Qc2 h6 8. Bh4
O-O 9. Bd3 a5 10. Nge2 Re8 11. Bg3 Na6 12. a3 Nc7 13. O-O Bxg3 14. Nxg3 Be6 15.
Rae1 Qd7 16. f3 Reb8 17. Na4 b6 18. Rc1 b5 19. Nc5 Qe8 20. Rfe1 Rc8 21. e4 dxe4
22. fxe4 Qd8 23. Ne2 Ng4 24. Qd2 Qh4 25. Qf4 g5 26. Qg3 Qxg3 27. Nxg3 Nf6 28. e5
Nfd5 29. Be4 Na6 30. Nb7 Rc7 31. Nd6 b4 32. Nh5 bxa3 33. bxa3 Rb8 34. Bxd5 cxd5
35. Nf6+ Kf8 36. Rxc7 Nxc7 37. Rc1 Na8 38. h3 Nb6 39. Rc7 Nc4 40. Nxf7 Rb1+ 41.
Kh2 Bxf7 42. Rc8+ Ke7 43. Rc7+ Ke6 44. Rc6+ Kf5 45. Rc7 Be6 46. Rh7 Ne3 47. g4+
Kf4 0-1

[Event "Titled Tue 3rd Jun Early"]
[Site "chess.com INT"]
[Date "2025.06.03"]
[Round "5"]
[White "Sjugirov, Sanan"]
[Black "Alonso Rosell, Alvar"]
[Result "1-0"]
[WhiteTitle "GM"]
[BlackTitle "GM"]
[WhiteElo "2638"]
[BlackElo "2550"]
[WhiteFideId "4189302"]
[BlackFideId "2270544"]
[EventDate "2025.06.03"]

1. e4 e5 2. Nf3 Nc6 3. Bb5 a6 4. Ba4 d6 5. O-O Bd7 6. c4 g6 7. Nc3 Nge7 8. d4
Bg7 9. dxe5 Nxe5 10. Nxe5 Bxe5 11. Bxd7+ Qxd7 12. Qd3 f5 13. Bg5 O-O 14. Rad1
Rae8 15. c5 fxe4 16. Qxe4 Nc6 17. Qc4+ Qf7 18. Qxf7+ Rxf7 19. cxd6 Bxd6 20. Rfe1
Rxe1+ 21. Rxe1 Kg7 22. Ne4 Be5 23. Nc5 b6 24. Ne6+ Kg8 25. Nd8 Nxd8 26. Rxe5 Nc6
27. Re8+ Rf8 28. Re4 Rf5 29. Bf4 Rc5 30. g3 Rc2 31. Re8+ Kf7 32. Rc8 Nb4 33.
Rxc7+ Rxc7 34. Bxc7 b5 35. Kf1 Nxa2 36. Ke2 Nb4 37. Ba5 Nc6 38. Bd2 Ke6 39. Kd3
Kd5 40. f4 b4 41. g4 a5 42. h3 Nd8 43. Be3 Nb7 44. f5 gxf5 45. gxf5 a4 46. f6
Ke6 47. Bd4 a3 48. b3 Nd6 49. Ba1 1-0

[Event "Titled Tue 3rd Jun Early"]
[Site "chess.com INT"]
[Date "2025.06.03"]
[Round "5"]
[White "Lortkipanidze, Nodar"]
[Black "Mora Munoz, Alejandro"]
[Result "1-0"]
[WhiteTitle "IM"]
[BlackTitle "FM"]
[WhiteElo "2359"]
[BlackElo "2147"]
[WhiteFideId "13604058"]
[BlackFideId "4469844"]
[EventDate "2025.06.03"]

1. e4 c5 2. c3 Nf6 3. e5 Nd5 4. d4 cxd4 5. Qxd4 e6 6. Nf3 Nc6 7. Qe4 f5 8. exf6
Nxf6 9. Qh4 Be7 10. Bd3 d5 11. Bg6+ Kf8 12. O-O Bd7 13. Re1 Kg8 14. Bd3 Ne8 15.
Qg3 Bf6 16. Bg5 Qc7 17. Bf4 Qb6 18. Nbd2 Qxb2 19. Rab1 Qxc3 20. Ne5 Nxe5 21.
Bxh7+ Rxh7 22. Qxc3 Rc8 23. Qg3 Bh4 24. Qa3 Ng4 25. g3 Bf6 26. Rxb7 Bc6 27. Rb8
Rxb8 28. Bxb8 Rxh2 29. Rxe6 Bd4 30. Bxa7 Bxf2+ 31. Bxf2 Rxf2 32. Rxc6 Rxd2 33.
Rc8 Nf6 34. Qa4 d4 35. Rxe8+ Nxe8 36. Qxe8+ Kh7 37. Qe4+ Kg8 38. a4 d3 39. a5
Rd1+ 40. Kf2 d2 41. Qd5+ Kh7 42. Ke2 Rg1 43. Kxd2 Rxg3 44. a6 Ra3 45. Qh5+ Kg8
46. Qe8+ Kh7 47. Qe4+ Kh6 48. Qc6+ Kh5 49. Qc5+ g5 50. Qxa3 1-0

[Event "Titled Tue 3rd Jun Early"]
[Site "chess.com INT"]
[Date "2025.06.03"]
[Round "5"]
[White "Ndirangu, Nyaruai, Joyce"]
[Black "Terlouw, Wouter"]
[Result "0-1"]
[WhiteTitle "WCM"]
[BlackTitle "CM"]
[WhiteElo "1933"]
[BlackElo "2227"]
[WhiteFideId "10802886"]
[BlackFideId "1087401"]
[EventDate "2025.06.03"]

1. d4 e6 2. Bf4 Ke7 3. e3 Nf6 4. Nf3 d6 5. Nbd2 Ke8 6. c3 Nbd7 7. Bb5 c6 8. Ba4
Be7 9. O-O Kf8 10. e4 h6 11. e5 dxe5 12. dxe5 Nd5 13. Bg3 g6 14. Ne4 Kg7 15. c4
N5b6 16. Bb3 Nc5 17. Nxc5 Bxc5 18. Qc2 Qe7 19. Rad1 a5 20. a3 a4 21. Ba2 Nd7 22.
Bb1 b5 23. Bh4 g5 24. Bg3 bxc4 25. Qe4 Bb7 26. Rd2 Nf8 27. Rfd1 Ba6 28. Qxc6 Bb7
29. Qb5 Bxf3 30. gxf3 h5 31. h3 h4 32. Bh2 Ra7 33. Qxc4 Ng6 34. f4 Rc8 35. Qe4
Bb6 36. f5 exf5 37. Qxf5 Rac7 38. e6 Qxe6 39. Qxe6 fxe6 40. Bxc7 Bxc7 41. Bxg6
Kxg6 42. Rd7 Be5 43. Kg2 Bxb2 44. R1d3 Be5 45. Re7 Kf6 46. Ra7 Rc4 47. Kf3 Rf4+
48. Ke2 Bd4 49. Rxa4 Rxf2+ 50. Kd1 Be5 51. Re4 Ra2 52. Rde3 Bf4 53. Rxe6+ Kf5
54. R3e4 Rxa3 55. Re8 Rxh3 56. Re2 Kg4 57. R8e4 Rh1+ 58. Kc2 h3 59. Kd3 h2 60.
Rg2+ Kh3 61. Rxh2+ Rxh2 62. Rxf4 gxf4 63. Ke4 Kg3 64. Kf5 f3 0-1

[Event "Titled Tue 3rd Jun Early"]
[Site "chess.com INT"]
[Date "2025.06.03"]
[Round "5"]
[White "Haug, Havard"]
[Black "Kornev, Alexei"]
[Result "1-0"]
[WhiteTitle "FM"]
[BlackTitle "GM"]
[WhiteElo "2354"]
[BlackElo "2500"]
[WhiteFideId "1547887"]
[BlackFideId "4120949"]
[EventDate "2025.06.03"]

1. e4 Nc6 2. Nf3 d6 3. d4 Nf6 4. Nc3 g6 5. Bc4 Bg7 6. Qe2 Bg4 7. Be3 e5 8. dxe5
Nxe5 9. h3 Bxf3 10. gxf3 Nxc4 11. Qxc4 O-O 12. O-O-O c6 13. h4 d5 14. exd5 Nxd5
15. Nxd5 cxd5 16. Qxd5 Qc7 17. c3 Rac8 18. Kb1 Rfd8 19. Qe4 Re8 20. Qa4 a6 21.
h5 b5 22. Qb3 Qc6 23. hxg6 hxg6 24. Qd5 Qf6 25. Bd4 Qe6 26. Bxg7 Qxd5 27. Rxd5
Kxg7 28. Kc2 Rc6 29. Rhd1 Rf6 30. R5d3 Re5 31. b4 Ref5 32. a4 Rxf3 33. Rxf3 Rxf3
34. axb5 axb5 35. Rd5 Rxf2+ 36. Kd1 Rf3 37. Kd2 f5 38. Rxb5 g5 39. Rb7+ Kf6 40.
Rb8 g4 41. b5 g3 42. b6 Rf2+ 43. Ke3 Rc2 44. Rf8+ Ke7 45. b7 g2 46. Rg8 Rb2 47.
Rxg2 Rb6 48. Rg8 1-0

[Event "Titled Tue 3rd Jun Early"]
[Site "chess.com INT"]
[Date "2025.06.03"]
[Round "5"]
[White "Rosen, Eric"]
[Black "Gunawardhana, Devindya Oshini"]
[Result "1-0"]
[WhiteTitle "IM"]
[BlackTitle "WIM"]
[WhiteElo "2377"]
[BlackElo "2068"]
[WhiteFideId "2032562"]
[BlackFideId "29941482"]
[EventDate "2025.06.03"]

1. d4 d5 2. Bf4 Nf6 3. Nf3 e6 4. e3 Bd6 5. Ne5 O-O 6. Nd2 c5 7. c3 Qc7 8. Bd3
Nc6 9. Ndf3 Ne4 10. O-O f6 11. Nxc6 Qxc6 12. Qc2 f5 13. Bxd6 Qxd6 14. Bxe4 fxe4
15. Ne5 b6 16. Qe2 a5 17. Qg4 Rf5 18. f4 Ba6 19. Rf2 Raf8 20. Rd1 cxd4 21. cxd4
Rc8 22. Qh4 Qc7 23. g4 Rff8 24. Kg2 Qd8 25. Qh3 Qe7 26. Rdd2 Rc7 27. Rc2 Rfc8
28. Rxc7 Rxc7 29. g5 Rc1 30. Qg4 Bc8 31. h4 Qb4 32. Qe2 Re1 33. Qc2 Qf8 34. Qc3
Rb1 35. Rc2 Ba6 36. Qc6 Bf1+ 37. Kf2 Bh3 38. Qc8 Bf5 39. b3 g6 40. Qd7 Rh1 41.
Rc7 Rxh4 42. Kg3 Rh3+ 43. Kf2 Rh2+ 44. Kg1 Rh3 45. Rc8 Rg3+ 46. Kh2 Rh3+ 47. Kg2
Rxe3 48. Qf7+ Kh8 49. Qxf8# 1-0

[Event "Titled Tue 3rd Jun Early"]
[Site "chess.com INT"]
[Date "2025.06.03"]
[Round "5"]
[White "Jai Sankar Subramanian"]
[Black "Bilochenko, Matvii"]
[Result "1-0"]
[WhiteTitle "FM"]
[BlackTitle "CM"]
[WhiteElo "2307"]
[BlackElo "2027"]
[WhiteFideId "25931970"]
[BlackFideId "41834062"]
[EventDate "2025.06.03"]

1. c4 g6 2. Nc3 Nf6 3. h4 Bg7 4. e3 h5 5. Nf3 d6 6. d4 Nbd7 7. Bd3 e5 8. Ng5 O-O
9. Kf1 Qe7 10. Qc2 c6 11. Bd2 d5 12. cxd5 Nxd5 13. Nxd5 cxd5 14. dxe5 Nxe5 15.
Be2 Bf5 16. Qd1 Nd3 17. Bc3 Nxb2 18. Bxb2 Bxb2 19. Rb1 Bxb1 20. Qxb1 Bf6 21.
Bxh5 Bxg5 22. hxg5 Qe4 23. Qd1 Rac8 24. Bf3 Qc4+ 25. Kg1 Qc1 26. Kh2 Qxd1 27.
Rxd1 Rc2 28. Bxd5 Rxf2 29. Bxb7 Rxa2 30. Rd7 a5 31. Bd5 Ra3 32. e4 Rc3 33. Ra7
Rc5 34. Ra6 Kg7 35. Kg3 Rfc8 36. Kf4 R8c7 37. g3 Rd7 38. Ke5 Rb5 39. Kd4 Rb4+
40. Kc5 Rc7+ 41. Kd6 Rc3 42. Ra7 Rf3 43. e5 Rb6+ 44. Kc5 Rb2 45. Bxf3 Rb3 46.
Bd5 Rxg3 47. Rxf7+ Kh8 48. Ra7 Rxg5 49. e6 a4 50. Kd6 a3 51. Ra8+ Kg7 52. e7 a2
53. e8=Q 1-0

[Event "Titled Tue 3rd Jun Early"]
[Site "chess.com INT"]
[Date "2025.06.03"]
[Round "5"]
[White "Sava, Robert-Gabriel"]
[Black "Aranda, Juan Manuel"]
[Result "1-0"]
[WhiteTitle "CM"]
[BlackTitle "CM"]
[WhiteElo "2155"]
[BlackElo "2134"]
[WhiteFideId "1265725"]
[BlackFideId "160458"]
[EventDate "2025.06.03"]

1. d4 d6 2. c4 e5 3. dxe5 dxe5 4. Qxd8+ Kxd8 5. Nc3 Be6 6. e4 c6 7. Be3 Kc7 8.
O-O-O Na6 9. Nf3 f6 10. Nd2 Bc5 11. Bxc5 Nxc5 12. f3 Ne7 13. Nb3 Nxb3+ 14. axb3
a5 15. Kc2 Rhd8 16. Be2 Ng6 17. g3 Nf8 18. Rxd8 Rxd8 19. Rd1 Rxd1 20. Nxd1 Bh3
21. Nf2 Bg2 22. f4 Ne6 23. fxe5 fxe5 24. Kc3 Nd4 25. Bd1 Kd6 26. Bg4 Bf1 27. b4
axb4+ 28. Kxb4 b6 29. Kc3 Kc5 30. b4+ Kd6 31. Nd3 Bxd3 32. Kxd3 g6 33. h4 h6 34.
Bd1 g5 35. Ke3 Ne6 36. Kf3 b5 37. c5+ Ke7 38. Kg4 Kf6 39. Kh5 gxh4 40. gxh4 Kg7
41. Kg4 Nf4 42. Kf5 Nd3 43. Bh5 Kf8 44. Ke6 Nxb4 45. Kd6 Nd3 46. Kxc6 b4 47. Kd6
b3 48. Bd1 Nf2 49. Bxb3 Nxe4+ 50. Kd5 Nd2 51. Bc2 Nf3 52. Kd6 Nxh4 53. c6 1-0